| 000 | 00658nam a22001934a 4500 | ||
|---|---|---|---|
| 005 | 20180716114605.0 | ||
| 010 | _aB-410176-214 | ||
| 020 | _c400.00 | ||
| 035 | _aB-410176-214,B-224584 | ||
| 037 | _bDisha Publications | ||
| 082 | _a581 | ||
| 100 | _aSharma, Rajeev | ||
| 245 |
_aBotany for PMT's / _cby Rajeev Sharma |
||
| 260 |
_aNew Delhi _bDisha Publications _c2011 |
||
| 270 |
_aB-32, Shivalik Main Road, Malviya Nagar _bNew Delhi _e110017 |
||
| 300 |
_a964p. _c26cm (pbk) |
||
| 942 |
_2ddc _cEN _mSHA _h581 |
||
| 999 |
_c35487 _d35487 |
||